| 000 | 00392nam a2200121Ia 4500 | ||
|---|---|---|---|
| 008 | 160609s9999 xx 000 0 und d | ||
| 100 | _aMacdonald, Doune. | ||
| 245 | _aResearch Methods In Physical Education And Youth Sport | ||
| 245 | _cBy:Doune Macdonald, Kathleen Armour | ||
| 260 | _c2012 | ||
| 650 | _xPHYSICAL EDUCATION | ||
| 856 | _uhttp://file.ebook777.com/ResMetInPhyEduAndYouSpo.pdf | ||
| 999 |
_c295910 _d295910 |
||